Social relations, culture and the self /

में बचाया:
ग्रंथसूची विवरण
मुख्य लेखक: Burkitt, Ian
स्वरूप: मूलपाठ
टैग: टैग जोड़ें
कोई टैग नहीं, इस रिकॉर्ड को टैग करने वाले पहले व्यक्ति बनें!

MARC

LEADER 00000 a a2200000 04500
001 48351
003
040
100 |a Burkitt, Ian  
245 |a Social relations, culture and the self /  |c Ian Burkitt  
500 |a Forma parte de la parte 2 "Personality in social relations and interdependencies"  
773 |g volumen 39, número 3, (1991), páginas 137-162  
999 |c 37415  |d 37415